| 000 | 00764nam a22001577a 4500 | ||
|---|---|---|---|
| 005 | 20250812090806.0 | ||
| 008 | 250812b |||||||| |||| 00| 0 eng d | ||
| 050 |
_aTHE LB 1576 .K4 R662025 _bC.1 |
||
| 100 | _aRono, Mutai Susan Jepkosgei | ||
| 245 | _aEffect of Code-switching Teaching Strategy Between English and Kiswahili on Performance in Public Primary Schools: A Case of Eldoret West Sub-County, Kenya | ||
| 260 |
_aKisii _bKisii University _c2025 |
||
| 300 | _axv, 154p.:ill. | ||
| 500 | _aIncludes bibliographical references | ||
| 650 | _a1. Code switching (Linguistics) 2. English language—Study and teaching (Primary). 3. Swahili language—Study and teaching. 4. Language and education—Kenya. 5. Academic achievement—Kenya. | ||
| 942 |
_2lcc _cREF |
||
| 999 |
_c216018 _d216018 |
||